000 00942nam a2200229 i 4500
001 bg
245 0 0 _aDotacje z Unii Europejskiej :
_b[praca zbiorowa.
_coprac. na podst. materiałów Min. Gospodarki i Pracy, Narodowego Funduszu Ochrony Środowiska i Gospodarki Wodnej, Urzędu Marszałkowskiego Wojewodztwa Śląskiego
_nCz. 1,
_pWypełnianie wniosku /
260 _aPłock :
_bATOM,
_c2005.
300 _a128 s. ;
_c30 cm +
_eCD ROM.
650 9 _aDotacja
_zPolska
_ystan na 2005 r.
650 9 _aProgramy pomocowe UE
_zPolska
650 9 _aPrzedsiębiorstwo
_xfinanse
_zPolska
_ystan na 2005 r.
655 _aInformatory
020 _a8392189752
040 _cBPK
041 0 _apol
080 _a658.114:336.56](438)"2001/..."(058):339.7(4-67)"1989/..."(058)
920 _a83-921897-5-2
942 _cKA
008 s pl f |000 0 pol
999 _c35128
_d35128
856 _uhttp://koha.tu.koszalin.pl/cgi-bin/koha/opac-detail.pl?biblionumber=35128
_yKatalog online BPK